000
00325nam a2200133Ia 4500
008
240624s9999 xx 000 0 und d
041
_a
eng
082
_a
658.8 FIS
100
_a
FISK PETER
245
_a
MARKETING GENIUS
260
_c
2006
_a
New Delhi
_b
Wiley India
300
_a
vii, : 490 : p. : cm. ; 18
365
_c
RS
_b
20
999
_c
16128
_d
16128